000 00580nam a2200181 i 4500
001 39120
003 ES-MaACL
005 20230906155908.0
007 t|
008 030227s1919 fr ||||1| fre d
100 1 _aCampbell, Norman Robert.
_934152
245 1 3 _aLa théorie électrique moderne /
_cNorman Robert Campbell ; traduit par A. Corvisy.
250 _aEd. corr. et augm. / par l'auteur.
260 _aParis :
_bA. Hermann et Fils,
_c1919 (
_eSaint Amand :
_fBussière)
300 _aXI, 464 p. ;
_c25 cm.
700 1 _aCorvisy, A.
_940966
852 _aES-MaACL
_jF-1967
999 _c39120
_d39120